• 首页
  • 本馆介绍
  • 公告通知
  • 最新文献
  • 馆藏检索
  • 电子资源
  • 读者导购
  • 参考咨询
  • 我的图书馆
  • 登录
  • 详细信息显示
  • 放入我的书架
  • 预约/预借图书
  • 作者相关作品
  • 分类相关作品
  • 丛书相关作品
  • 出版社相关作品

书目信息

  • 表格格式
  • 工作单格式
  • 卡片格式
题名:
名师作业设计新思维
    
 
作者: 雷玲 主编
分册:   语文卷
出版信息: 上海   华东师范大学出版社  2017
页数: 233页
开本: 23cm
丛书名:
单 册:
中图分类: G632.46
科图分类:
主题词: 学生作业--教学设计--中小学 , 语文课--学生作业--教学设计--中小学
电子资源:
ISBN: 978-7-5675-5850-2
000 00960nam0 2200241 450
001 3836
005 20180527195235.16
010    @a978-7-5675-5850-2@dCNY35.00
100    @a20170328d2017 em y0chiy50 ea
101 0  @achi
102    @aCN@b310000
105    @aa z 000yy
200 1  @a名师作业设计新思维@9ming shi zuo ye she ji xin si wei@i语文卷@f雷玲主编
210    @a上海@c华东师范大学出版社@d2017
215    @a233页@c图@d23cm
300    @a大夏书系·教学艺术
330    @a本书汇编了四十位老师的备课经验之作,分为三个部分,分别是“有效作业”“创新作业”和“个性作业”。各位语文老师从日常布置作业的实际出发,结合教学实例及布置作业的经验,讲述如何通过布置合理的语文作业来激发学生学习的乐趣,及如何使语文作业成为提升学生素养的路径。
606 0  @a学生作业@x教学设计@x中小学
606 0  @a语文课@x学生作业@x教学设计@x中小学
690    @aG632.46@v5
701  0 @a雷玲@9lei ling@c(女)@4主编
801  0 @aCN@b91MARC@c20170328
905    @aMuseLib@dG632.0@e422
    
    名师作业设计新思维.语文卷/雷玲主编.-上海:华东师范大学出版社,2017
    233页:图;23cm
    大夏书系·教学艺术
    
    ISBN 978-7-5675-5850-2:CNY35.00
    本书汇编了四十位老师的备课经验之作,分为三个部分,分别是“有效作业”“创新作业”和“个性作业”。各位语文老师从日常布置作业的实际出发,结合教学实例及布置作业的经验,讲述如何通过布置合理的语文作业来激发学生学习的乐趣,及如何使语文作业成为提升学生素养的路径。
●
相关链接 在E读中查询图书 在五车中查询图书 在当当中查询图书 在豆瓣中查询图书


正题名:名师作业设计新思维     索取号:G632.0/422         预约/预借

序号 登录号 条形码 馆藏地/架位号 状态 备注
1 1006680   210066809   第一样本阅览室/ [索取号:G632.0/422] 在馆    
2 1006681   210066818   教育系资料室/ [索取号:G632.0/422] 在馆    
3 1006682   210066827   教育系资料室/ [索取号:G632.0/422] 在馆    
4 1006683   210066836   教育系资料室/ [索取号:G632.0/422] 在馆    
5 1006684   210066845   第四借阅区/ [索取号:G632.0/422] 在馆    
6 1006685   210066854   第四借阅区/ [索取号:G632.0/422] 在馆    
7 1110806   211108068   第四借阅区/ [索取号:G632.0/422] 在馆    
8 1110807   211108077   教育系资料室/ [索取号:G632.0/422] 在馆    
9 1110808   211108086   教育系资料室/ [索取号:G632.0/422] 在馆    
10 1110809   211108095   第四借阅区/ [索取号:G632.0/422] 在馆    
唐山师范学院图书馆 欢迎您!
大连网信软件有限公司© 版权所有